[Event "v4camp2016"]
[Site "?"]
[Date "2016.06.23"]
[Round "5.1"]
[White "Kuna, Martin"]
[Black "Molenda, Marcin"]
[Result "0-1"]
[BlackElo "2235"]
[WhiteElo "1861"]
[LiveChessVersion "1.4.8"]

1. e4 {[%clk 1:30:46]} c5 {[%clk 1:30:52]} 2. Nf3 {[%clk 1:30:54]} Nc6
{[%clk 1:31:09]} 3. d4 {[%clk 1:31:15]} cxd4 {[%clk 1:31:32]} 4. Nxd4
{[%clk 1:31:44]} g6 {[%clk 1:31:43]} 5. c4 {[%clk 1:31:06]} Nf6 {[%clk 1:32:05]}
6. Nc3 {[%clk 1:31:30]} Nxd4 {[%clk 1:32:29]} 7. Qxd4 {[%clk 1:31:57]} d6
{[%clk 1:32:51]} 8. f3 {[%clk 1:31:10]} Bg7 {[%clk 1:33:14]} 9. Be3
{[%clk 1:31:36]} O-O {[%clk 1:33:34]} 10. Qd2 {[%clk 1:32:00]} a5
{[%clk 1:33:56]} 11. Rc1 {[%clk 1:27:26]} a4 {[%clk 1:34:02]} 12. Be2
{[%clk 1:27:02]} Be6 {[%clk 1:34:24]} 13. O-O {[%clk 1:26:50]} Qa5
{[%clk 1:34:49]} 14. Nd5 {[%clk 1:21:46]} Qxd2 {[%clk 1:35:12]} 15. Nxe7+
{[%clk 1:21:40]} Kh8 {[%clk 1:35:41]} 16. Bxd2 {[%clk 1:22:01]} Rfe8
{[%clk 1:36:10]} 17. Nd5 {[%clk 1:22:10]} Nxd5 {[%clk 1:36:38]} 18. cxd5
{[%clk 1:22:26]} Bxd5 {[%clk 1:37:08]} 19. exd5 {[%clk 1:22:48]} Bd4+
{[%clk 1:35:41]} 20. Kh1 {[%clk 1:22:37]} Rxe2 {[%clk 1:36:06]} 21. Rc2
{[%clk 1:20:22]} Rae8 {[%clk 1:32:46]} 22. Rfc1 {[%clk 1:16:01]} Kg7
{[%clk 1:32:23]} 23. g3 {[%clk 1:13:11]} Kf6 {[%clk 1:24:59]} 24. Bc3
{[%clk 0:44:45]} Bxc3 {[%clk 1:24:49]} 25. bxc3 {[%clk 0:45:04]} a3
{[%clk 1:18:40]} 26. Kg1 {[%clk 0:43:01]} R8e3 {[%clk 1:17:05]} 27. f4
{[%clk 0:41:37]} Kf5 {[%clk 1:17:07]} 28. Kf1 {[%clk 0:39:35]} Rxc2
{[%clk 1:17:32]} 29. Rxc2 {[%clk 0:40:02]} Ke4 {[%clk 1:17:45]} 30. Kf2
{[%clk 0:38:46]} Kd3 {[%clk 1:16:45]} 31. Rc1 {[%clk 0:39:09]} Re2+
{[%clk 1:17:09]} 0-1

[Event "v4camp2016"]
[Site "?"]
[Date "2016.06.23"]
[Round "5.2"]
[White "Drozniak, Stanislaw"]
[Black "Krupa, Miroslav"]
[Result "1-0"]
[BlackElo "1889"]
[WhiteElo "2179"]
[LiveChessVersion "1.4.8"]

1. e4 {[%clk 1:30:58]} c5 {[%clk 1:30:56]} 2. Nf3 {[%clk 1:31:22]} d6
{[%clk 1:31:20]} 3. d4 {[%clk 1:31:47]} cxd4 {[%clk 1:31:46]} 4. Nxd4
{[%clk 1:32:12]} Nf6 {[%clk 1:31:59]} 5. Nc3 {[%clk 1:32:36]} a6 {[%clk 1:32:26]}
6. Bg5 {[%clk 1:33:02]} e6 {[%clk 1:32:48]} 7. f4 {[%clk 1:33:27]} h6
{[%clk 1:33:13]} 8. Bh4 {[%clk 1:33:53]} Qb6 {[%clk 1:32:49]} 9. a3
{[%clk 1:34:19]} Nbd7 {[%clk 1:32:13]} 10. Bf2 {[%clk 1:34:21]} Qc7
{[%clk 1:32:08]} 11. Be2 {[%clk 1:32:56]} b5 {[%clk 1:29:41]} 12. Bf3
{[%clk 1:32:30]} Bb7 {[%clk 1:29:52]} 13. Qe2 {[%clk 1:31:53]} Rc8
{[%clk 1:25:21]} 14. O-O-O {[%clk 1:21:25]} Nb6 {[%clk 1:23:19]} 15. e5
{[%clk 0:59:21]} dxe5 {[%clk 1:16:41]} 16. Ndxb5 {[%clk 0:52:18]} axb5
{[%clk 1:16:55]} 17. Qxb5+ {[%clk 0:51:28]} Nfd7 {[%clk 1:15:07]} 18. Bxb6
{[%clk 0:51:24]} Bc6 {[%clk 1:13:20]} 19. Bxc7 {[%clk 0:51:42]} 1-0

[Event "v4camp2016"]
[Site "?"]
[Date "2016.06.23"]
[Round "5.3"]
[White "Batora, Matej"]
[Black "Galuszka, Tomasz"]
[Result "1/2-1/2"]
[BlackElo "1714"]
[WhiteElo "1897"]
[LiveChessVersion "1.4.8"]

1. e4 {[%clk 1:30:58]} c6 {[%clk 1:30:54]} 2. d4 {[%clk 1:31:24]} d5
{[%clk 1:31:17]} 3. Nc3 {[%clk 1:31:36]} dxe4 {[%clk 1:31:37]} 4. Nxe4
{[%clk 1:32:00]} Bf5 {[%clk 1:31:56]} 5. Ng3 {[%clk 1:31:30]} Bg6
{[%clk 1:32:22]} 6. Nf3 {[%clk 1:31:23]} Nd7 {[%clk 1:32:49]} 7. h4
{[%clk 1:30:47]} h6 {[%clk 1:33:16]} 8. h5 {[%clk 1:31:09]} Bh7 {[%clk 1:33:41]}
9. Bd3 {[%clk 1:30:51]} Bxd3 {[%clk 1:34:07]} 10. Qxd3 {[%clk 1:31:14]} e6
{[%clk 1:34:25]} 11. Ne4 {[%clk 1:23:02]} Qc7 {[%clk 1:32:13]} 12. g3
{[%clk 1:22:26]} Ngf6 {[%clk 1:32:34]} 13. Bf4 {[%clk 1:18:24]} Qa5+
{[%clk 1:32:54]} 14. Bd2 {[%clk 1:18:09]} Qc7 {[%clk 1:33:06]} 15. O-O-O
{[%clk 1:17:11]} Nxe4 {[%clk 1:33:17]} 16. Qxe4 {[%clk 1:17:11]} Nf6
{[%clk 1:33:40]} 17. Qd3 O-O-O {[%clk 1:29:00]} 18. c4 {[%clk 1:12:10]} c5
{[%clk 1:28:53]} 19. Bc3 {[%clk 1:08:08]} Kb8 {[%clk 1:28:36]} 20. Qe2
{[%clk 1:05:59]} Bd6 {[%clk 1:24:08]} 21. Kb1 {[%clk 1:04:34]} Rhe8
{[%clk 1:24:10]} 22. b3 {[%clk 1:02:23]} Bf8 {[%clk 1:20:59]} 23. Ne5
{[%clk 0:54:35]} Ka8 {[%clk 1:17:48]} 24. Rhe1 {[%clk 0:52:08]} cxd4
{[%clk 1:16:19]} 25. Bxd4 {[%clk 0:40:52]} Bb4 {[%clk 1:11:31]} 26. Rh1
{[%clk 0:41:08]} Bd6 {[%clk 1:09:43]} 27. f4 {[%clk 0:40:18]} Bxe5
{[%clk 1:08:49]} 28. fxe5 {[%clk 0:37:05]} Nd7 {[%clk 1:08:49]} 29. Qe3
{[%clk 0:34:44]} b6 {[%clk 1:05:12]} 30. Qf3+ {[%clk 0:33:29]} Qb7
{[%clk 1:04:54]} 31. Qg4 {[%clk 0:30:18]} Nb8 {[%clk 1:00:00]} 32. Rh4
{[%clk 0:24:23]} Rg8 {[%clk 0:53:58]} 33. Qe2 {[%clk 0:21:49]} Nc6
{[%clk 0:51:21]} 34. Kc2 {[%clk 0:17:47]} Kb8 {[%clk 0:36:58]} 35. Rf4
{[%clk 0:13:37]} Kc8 {[%clk 0:35:06]} 36. Qf2 {[%clk 0:09:51]} Nxd4+
{[%clk 0:34:57]} 1/2-1/2

[Event "v4camp2016"]
[Site "?"]
[Date "2016.06.23"]
[Round "5.4"]
[White "Kordela, Monika"]
[Black "Hlavinova, Martina"]
[Result "1/2-1/2"]
[BlackElo "1318"]
[WhiteElo "1724"]
[LiveChessVersion "1.4.8"]

1. d4 {[%clk 1:30:58]} d5 {[%clk 1:30:56]} 2. c4 {[%clk 1:31:22]} e6
{[%clk 1:31:21]} 3. Nc3 {[%clk 1:31:45]} Nf6 {[%clk 1:31:44]} 4. Bg5
{[%clk 1:32:09]} Be7 {[%clk 1:32:03]} 5. Nf3 {[%clk 1:32:30]} O-O
{[%clk 1:32:03]} 6. e3 {[%clk 1:32:54]} Nbd7 {[%clk 1:31:55]} 7. cxd5
{[%clk 1:32:59]} Nxd5 {[%clk 1:29:28]} 8. Bxe7 {[%clk 1:33:09]} Qxe7
{[%clk 1:29:51]} 9. Rc1 {[%clk 1:32:38]} c6 {[%clk 1:27:54]} 10. Bd3
{[%clk 1:32:26]} Nxc3 {[%clk 1:23:50]} 11. bxc3 {[%clk 1:31:48]} e5
{[%clk 1:23:47]} 12. Qc2 {[%clk 1:25:43]} h6 {[%clk 1:19:23]} 13. O-O
{[%clk 1:24:06]} exd4 {[%clk 1:16:10]} 14. cxd4 {[%clk 1:23:29]} Nf6
{[%clk 1:15:21]} 15. Rb1 {[%clk 1:19:35]} Be6 {[%clk 1:10:44]} 16. Ne5
{[%clk 1:13:35]} Rfc8 {[%clk 1:07:58]} 17. e4 {[%clk 1:08:40]} Rab8
{[%clk 1:04:19]} 18. f4 {[%clk 1:00:12]} Rd8 {[%clk 0:53:24]} 19. f5
{[%clk 0:57:55]} Bd7 {[%clk 0:48:04]} 20. Bc4 {[%clk 0:43:57]} Be8
{[%clk 0:48:14]} 21. Bd3 {[%clk 0:39:28]} Rxd4 {[%clk 0:39:51]} 22. Nf3
{[%clk 0:31:28]} Rdd8 {[%clk 0:38:53]} 23. Rfe1 {[%clk 0:28:59]} Nd7
{[%clk 0:25:34]} 24. Qb2 {[%clk 0:22:33]} Nc5 {[%clk 0:15:51]} 25. Bc2
{[%clk 0:22:19]} 1/2-1/2

[Event "v4camp2016"]
[Site "?"]
[Date "2016.06.23"]
[Round "5.5"]
[White "Bubnov, Kirill"]
[Black "Krzeminski, Sebastian"]
[Result "1/2-1/2"]
[BlackElo "1832"]
[WhiteElo "2163"]
[LiveChessVersion "1.4.8"]

1. d4 {[%clk 1:30:55]} d5 {[%clk 1:30:46]} 2. c4 {[%clk 1:31:20]} c6
{[%clk 1:31:11]} 3. Nf3 {[%clk 1:31:46]} Nf6 {[%clk 1:31:18]} 4. Nc3
{[%clk 1:32:10]} e6 {[%clk 1:31:10]} 5. cxd5 {[%clk 1:32:36]} exd5
{[%clk 1:31:23]} 6. Bg5 {[%clk 1:33:01]} Be7 {[%clk 1:31:13]} 7. Qc2
{[%clk 1:33:24]} Be6 {[%clk 1:26:54]} 8. e3 {[%clk 1:32:36]} Nbd7
{[%clk 1:26:54]} 9. Bd3 {[%clk 1:33:00]} h6 {[%clk 1:26:25]} 10. Bh4
{[%clk 1:33:23]} Rc8 {[%clk 1:26:43]} 11. O-O {[%clk 1:32:55]} O-O
{[%clk 1:26:06]} 12. Rab1 {[%clk 1:32:16]} c5 {[%clk 1:25:30]} 13. Bf5
{[%clk 1:26:22]} Nh5 {[%clk 1:17:52]} 14. Bxe7 {[%clk 1:06:58]} Qxe7
{[%clk 1:18:03]} 15. Rfd1 {[%clk 1:06:45]} Nhf6 {[%clk 1:07:08]} 16. dxc5
{[%clk 1:03:29]} Nxc5 {[%clk 1:00:10]} 17. Nd4 {[%clk 1:02:05]} Rfd8
{[%clk 0:54:32]} 18. Qe2 {[%clk 0:57:43]} g6 {[%clk 0:44:17]} 19. Nxe6
{[%clk 0:55:10]} Nxe6 {[%clk 0:44:11]} 20. Bh3 {[%clk 0:53:46]} Rc6
{[%clk 0:43:04]} 21. g3 {[%clk 0:51:52]} a6 {[%clk 0:38:44]} 22. Rd2
{[%clk 0:44:43]} Ng5 {[%clk 0:35:15]} 23. Bg2 {[%clk 0:42:20]} Nge4
{[%clk 0:34:50]} 24. Nxe4 {[%clk 0:42:17]} dxe4 {[%clk 0:34:20]} 25. Rbd1
{[%clk 0:42:10]} Rcd6 {[%clk 0:34:03]} 26. Rd4 {[%clk 0:41:21]} Rxd4
{[%clk 0:32:26]} 27. exd4 {[%clk 0:39:48]} Re8 {[%clk 0:32:04]} 28. Re1
{[%clk 0:37:54]} Qb4 {[%clk 0:28:51]} 1/2-1/2

[Event "v4camp2016"]
[Site "?"]
[Date "2016.06.23"]
[Round "5.6"]
[White "Urbanski, Wojciech"]
[Black "Skafar, Darya"]
[Result "1/2-1/2"]
[BlackElo "2050"]
[WhiteElo "1636"]
[LiveChessVersion "1.4.8"]

1. e4 {[%clk 1:30:58]} d6 {[%clk 1:30:49]} 2. d4 {[%clk 1:31:24]} Nf6
{[%clk 1:31:13]} 3. Nc3 {[%clk 1:31:47]} g6 {[%clk 1:31:38]} 4. Nf3
{[%clk 1:32:14]} Bg7 {[%clk 1:31:54]} 5. Be2 {[%clk 1:32:31]} O-O
{[%clk 1:31:05]} 6. O-O {[%clk 1:32:37]} c6 {[%clk 1:29:02]} 7. a4
{[%clk 1:31:32]} Nbd7 {[%clk 1:17:59]} 8. h3 {[%clk 1:30:23]} e5 {[%clk 1:11:59]}
9. dxe5 {[%clk 1:29:14]} dxe5 {[%clk 1:11:35]} 10. Be3 {[%clk 1:27:53]} Qe7
{[%clk 1:03:38]} 11. Qd2 {[%clk 1:24:51]} Nc5 {[%clk 0:53:38]} 12. Bg5
{[%clk 1:21:44]} Qc7 {[%clk 0:45:00]} 13. Qe3 {[%clk 1:20:32]} Ne6
{[%clk 0:40:21]} 14. Bh4 {[%clk 1:19:47]} Nf4 {[%clk 0:26:09]} 15. Bg3
{[%clk 1:16:20]} N6h5 {[%clk 0:23:28]} 16. Bh2 {[%clk 1:13:14]} Qe7
{[%clk 0:17:26]} 17. Rfd1 {[%clk 1:10:13]} Bh6 {[%clk 0:12:31]} 18. Kh1
{[%clk 1:10:15]} Nxh3 {[%clk 0:05:54]} 19. Qxh6 {[%clk 1:09:53]} Nxf2+
{[%clk 0:06:18]} 20. Kg1 {[%clk 1:10:01]} Qc5 {[%clk 0:01:22]} 21. b4
{[%clk 1:05:18]} Nh3+ {[%clk 0:00:51]} 22. Kh1 {[%clk 1:05:38]} Nf2+
{[%clk 0:00:44]} 23. Kg1 {[%clk 1:05:46]} 1/2-1/2

[Event "v4camp2016"]
[Site "?"]
[Date "2016.06.23"]
[Round "5.7"]
[White "Zakharikov, Ivan"]
[Black "Kulesza, Andrzej"]
[Result "1-0"]
[BlackElo "1618"]
[WhiteElo "1982"]
[LiveChessVersion "1.4.8"]

1. e4 {[%clk 1:30:57]} c5 {[%clk 1:30:49]} 2. c3 {[%clk 1:31:22]} d5
{[%clk 1:31:10]} 3. exd5 {[%clk 1:31:45]} Qxd5 {[%clk 1:31:31]} 4. d4
{[%clk 1:32:04]} Nc6 {[%clk 1:31:22]} 5. Be3 {[%clk 1:30:55]} Bf5
{[%clk 1:30:42]} 6. dxc5 {[%clk 1:28:35]} Qxd1+ {[%clk 1:30:58]} 7. Kxd1
{[%clk 1:29:03]} O-O-O+ {[%clk 1:30:55]} 8. Nd2 {[%clk 1:28:39]} Nf6
{[%clk 1:30:16]} 9. Ngf3 {[%clk 1:23:53]} Nd5 {[%clk 1:29:26]} 10. Bc4
{[%clk 1:17:11]} Nxe3+ {[%clk 1:29:07]} 11. fxe3 {[%clk 1:17:39]} e6
{[%clk 1:28:55]} 12. b4 {[%clk 1:14:04]} Be7 {[%clk 1:24:10]} 13. Ke2
{[%clk 1:08:35]} Bf6 {[%clk 1:22:27]} 14. Rac1 {[%clk 1:05:29]} Ne5
{[%clk 1:14:53]} 15. Nxe5 {[%clk 1:00:16]} Bxe5 {[%clk 1:15:17]} 16. Nf3
{[%clk 0:53:19]} Bf6 {[%clk 1:14:19]} 17. h3 {[%clk 0:51:03]} Bg6
{[%clk 1:08:17]} 18. Nd4 {[%clk 0:45:05]} a6 {[%clk 1:06:15]} 19. a4
{[%clk 0:33:13]} Be4 {[%clk 1:01:17]} 20. Rhg1 {[%clk 0:31:49]} Bd5
{[%clk 0:51:34]} 21. Bxd5 {[%clk 0:23:04]} exd5 {[%clk 0:51:56]} 22. Kd3
{[%clk 0:21:20]} Kc7 {[%clk 0:48:49]} 23. Rgf1 {[%clk 0:18:57]} Rhe8
{[%clk 0:47:10]} 24. Rf5 {[%clk 0:14:09]} Rd7 {[%clk 0:42:50]} 25. Re1
{[%clk 0:11:45]} Bh4 {[%clk 0:40:14]} 26. Ref1 {[%clk 0:11:40]} Bf6
{[%clk 0:34:36]} 27. R1f3 {[%clk 0:08:31]} Ree7 {[%clk 0:30:06]} 28. g3
{[%clk 0:06:34]} Be5 {[%clk 0:28:33]} 29. Rh5 {[%clk 0:03:56]} h6
{[%clk 0:28:52]} 30. g4 {[%clk 0:02:51]} f6 {[%clk 0:25:54]} 31. h4
{[%clk 0:02:20]} Bxd4 {[%clk 0:24:43]} 32. cxd4 {[%clk 0:02:28]} b6
{[%clk 0:23:48]} 33. g5 {[%clk 0:02:12]} hxg5 {[%clk 0:23:11]} 34. hxg5
{[%clk 0:02:41]} fxg5 {[%clk 0:23:34]} 35. Rxg5 {[%clk 0:03:05]} bxc5
{[%clk 0:23:18]} 36. bxc5 {[%clk 0:02:59]} Re6 {[%clk 0:23:37]} 37. Rfg3
{[%clk 0:02:53]} Ree7 {[%clk 0:23:23]} 38. Rg6 {[%clk 0:03:10]} Kc8
{[%clk 0:23:29]} 39. Rxa6 {[%clk 0:03:18]} Rb7 {[%clk 0:23:50]} 40. Kc3
{[%clk 0:03:04]} Rbd7 {[%clk 0:22:54]} 41. a5 {[%clk 0:03:06]} Kb7
{[%clk 0:22:58]} 42. Rb6+ {[%clk 0:03:18]} Ka7 {[%clk 0:23:20]} 43. Kb4
{[%clk 0:03:08]} Rf7 {[%clk 0:21:49]} 44. c6 {[%clk 0:02:58]} Rc7
{[%clk 0:21:47]} 45. Kc5 {[%clk 0:03:09]} Rf5 {[%clk 0:21:12]} 46. a6
{[%clk 0:02:49]} Rff7 {[%clk 0:21:15]} 47. Rg1 {[%clk 0:02:37]} Rf2
{[%clk 0:20:53]} 48. Rb7+ {[%clk 0:02:51]} Rxb7 {[%clk 0:20:52]} 49. axb7
{[%clk 0:03:19]} Rc2+ {[%clk 0:21:05]} 50. Kxd5 {[%clk 0:03:40]} Kb8
{[%clk 0:21:27]} 51. Rxg7 {[%clk 0:04:00]} Rb2 {[%clk 0:21:22]} 52. Rg8+
{[%clk 0:04:16]} Ka7 {[%clk 0:21:39]} 53. Ra8+ {[%clk 0:04:40]} Kb6
{[%clk 0:22:04]} 54. b8=Q# {[%clk 0:04:58]} 1-0

[Event "v4camp2016"]
[Site "?"]
[Date "2016.06.23"]
[Round "5.8"]
[White "Waszczuk, Patrycja"]
[Black "Khlopushin, Dmitriy"]
[Result "1-0"]
[BlackElo "1697"]
[WhiteElo "1798"]
[LiveChessVersion "1.4.8"]

1. e4 {[%clk 1:30:29]} e5 {[%clk 1:30:52]} 2. Nf3 {[%clk 1:30:35]} Nc6
{[%clk 1:31:14]} 3. Bb5 {[%clk 1:30:34]} a6 {[%clk 1:31:36]} 4. Ba4
{[%clk 1:31:00]} Nf6 {[%clk 1:31:57]} 5. d3 {[%clk 1:30:17]} b5 {[%clk 1:30:52]}
6. Bb3 {[%clk 1:30:42]} d6 {[%clk 1:30:00]} 7. c3 {[%clk 1:29:54]} Be7
{[%clk 1:29:54]} 8. O-O {[%clk 1:30:17]} O-O {[%clk 1:27:58]} 9. Nbd2
{[%clk 1:29:27]} Bg4 {[%clk 1:27:20]} 10. h3 {[%clk 1:28:54]} Bh5
{[%clk 1:27:42]} 11. Re1 {[%clk 1:28:43]} Na5 {[%clk 1:21:26]} 12. Bc2
{[%clk 1:29:06]} c5 {[%clk 1:21:03]} 13. Nf1 {[%clk 1:28:49]} Bg6
{[%clk 1:19:36]} 14. d4 {[%clk 1:25:15]} cxd4 {[%clk 1:18:19]} 15. cxd4
{[%clk 1:25:33]} Qc7 {[%clk 1:18:17]} 16. Bg5 {[%clk 1:23:21]} Nc6
{[%clk 1:14:31]} 17. Rc1 {[%clk 1:21:19]} Qb7 {[%clk 1:12:47]} 18. dxe5
{[%clk 1:11:14]} dxe5 {[%clk 1:13:03]} 19. Bxf6 {[%clk 1:09:01]} Bxf6
{[%clk 1:13:15]} 20. Ne3 {[%clk 1:07:44]} Rfd8 {[%clk 1:11:51]} 21. Qe2
{[%clk 0:59:51]} Nb4 {[%clk 1:11:40]} 22. Ng4 {[%clk 0:58:05]} Bh5
{[%clk 1:09:29]} 23. Nxf6+ {[%clk 0:57:39]} gxf6 {[%clk 1:09:52]} 24. Bb1
{[%clk 0:56:05]} Kh8 {[%clk 1:01:29]} 25. g4 {[%clk 0:55:26]} Rg8
{[%clk 1:00:27]} 26. Kh2 {[%clk 0:55:40]} Bg6 {[%clk 0:54:11]} 27. h4
{[%clk 0:48:34]} Qd7 {[%clk 0:54:06]} 28. Rg1 {[%clk 0:48:11]} h5
{[%clk 0:53:08]} 29. Qe3 {[%clk 0:43:46]} Kh7 {[%clk 0:49:08]} 30. g5
{[%clk 0:42:38]} Qd6 {[%clk 0:45:40]} 31. Qc5 {[%clk 0:32:23]} Qxc5
{[%clk 0:45:32]} 32. Rxc5 {[%clk 0:32:52]} fxg5 {[%clk 0:45:28]} 33. Nxg5+
{[%clk 0:33:16]} Kh8 {[%clk 0:45:34]} 34. a3 {[%clk 0:33:36]} f6 {[%clk 0:43:35]}
35. Nf3 {[%clk 0:34:01]} Na2 {[%clk 0:38:27]} 36. Bxa2 {[%clk 0:34:23]} Rg7
{[%clk 0:38:45]} 37. Bd5 {[%clk 0:34:33]} Rd8 {[%clk 0:38:47]} 38. Rgc1
{[%clk 0:34:54]} Bxe4 {[%clk 0:38:33]} 39. Bxe4 {[%clk 0:35:06]} Rg4
{[%clk 0:38:58]} 40. Rc8 {[%clk 0:35:09]} Rxc8 {[%clk 0:39:23]} 41. Rxc8+
{[%clk 0:35:37]} 1-0

[Event "v4camp2016"]
[Site "?"]
[Date "2016.06.23"]
[Round "5.9"]
[White "Sankova, Stella"]
[Black "Buco, Martin"]
[Result "1/2-1/2"]
[BlackElo "1689"]
[WhiteElo "1792"]
[LiveChessVersion "1.4.8"]

1. c4 {[%clk 1:30:58]} e5 {[%clk 1:30:34]} 2. Nc3 {[%clk 1:31:23]} Nc6
{[%clk 1:31:01]} 3. g3 {[%clk 1:31:41]} f5 {[%clk 1:31:25]} 4. d3
{[%clk 1:31:40]} Bb4 {[%clk 1:31:45]} 5. Bg2 {[%clk 1:30:17]} Bxc3+
{[%clk 1:32:13]} 6. bxc3 {[%clk 1:30:44]} d6 {[%clk 1:32:35]} 7. Rb1
{[%clk 1:29:13]} Nf6 {[%clk 1:30:58]} 8. Nf3 {[%clk 1:29:34]} O-O
{[%clk 1:31:21]} 9. O-O {[%clk 1:29:40]} Qe8 {[%clk 1:31:12]} 10. Ba3
{[%clk 1:04:34]} f4 {[%clk 1:18:40]} 11. Nd2 {[%clk 1:00:42]} Qh5
{[%clk 1:18:36]} 12. e3 {[%clk 0:59:54]} Bg4 {[%clk 1:13:05]} 13. f3
{[%clk 1:00:09]} Bh3 {[%clk 1:03:25]} 14. g4 {[%clk 0:58:48]} Qh4
{[%clk 1:01:00]} 15. Qe1 {[%clk 0:54:51]} Qxe1 {[%clk 1:00:44]} 16. Rfxe1
{[%clk 0:55:17]} Bxg2 {[%clk 1:01:07]} 17. Kxg2 {[%clk 0:55:44]} fxe3
{[%clk 1:01:32]} 18. Rxe3 {[%clk 0:55:52]} b6 {[%clk 1:01:55]} 19. h3
{[%clk 0:49:43]} h5 {[%clk 0:55:19]} 20. Rf1 {[%clk 0:45:42]} g5 {[%clk 0:46:08]}
21. Ne4 {[%clk 0:41:31]} Nxe4 {[%clk 0:45:13]} 22. Rxe4 {[%clk 0:41:43]} Kg7
{[%clk 0:43:16]} 23. Bc1 {[%clk 0:36:15]} 1/2-1/2

[Event "v4camp2016"]
[Site "?"]
[Date "2016.06.23"]
[Round "5.10"]
[White "Poliakova, Emma"]
[Black "Cibikova, Sofia Anna"]
[Result "1-0"]
[BlackElo "1716"]
[WhiteElo "1826"]
[LiveChessVersion "1.4.8"]

1. e4 {[%clk 1:30:56]} Nf6 {[%clk 1:30:54]} 2. e5 {[%clk 1:31:19]} Nd5
{[%clk 1:31:18]} 3. d4 {[%clk 1:31:41]} d6 {[%clk 1:31:38]} 4. Nf3
{[%clk 1:31:58]} Bg4 {[%clk 1:31:55]} 5. Be2 {[%clk 1:31:46]} e6 {[%clk 1:31:37]}
6. c4 {[%clk 1:30:04]} Nb6 {[%clk 1:31:58]} 7. exd6 {[%clk 1:29:50]} cxd6
{[%clk 1:32:11]} 8. O-O {[%clk 1:29:17]} Be7 {[%clk 1:31:45]} 9. a4
{[%clk 1:25:50]} a5 {[%clk 1:29:41]} 10. Qb3 {[%clk 1:23:56]} O-O
{[%clk 1:25:36]} 11. Be3 {[%clk 1:22:13]} N8d7 {[%clk 1:22:01]} 12. h3
{[%clk 1:17:41]} Bf5 {[%clk 1:19:19]} 13. Nc3 {[%clk 1:14:42]} Bf6
{[%clk 1:09:13]} 14. Nb5 {[%clk 1:10:25]} d5 {[%clk 1:03:59]} 15. c5
{[%clk 1:07:27]} Nc8 {[%clk 1:04:13]} 16. Bf4 {[%clk 1:04:36]} Na7
{[%clk 0:58:07]} 17. Rfc1 {[%clk 0:56:22]} Be7 {[%clk 0:50:11]} 18. Bc7
{[%clk 0:47:45]} Qc8 {[%clk 0:47:56]} 19. Bxa5 {[%clk 0:45:15]} Nxb5
{[%clk 0:46:09]} 20. axb5 {[%clk 0:44:53]} b6 {[%clk 0:42:47]} 21. Bxb6
{[%clk 0:35:20]} Nxb6 {[%clk 0:42:16]} 22. cxb6 {[%clk 0:35:14]} Rxa1
{[%clk 0:41:55]} 23. Rxa1 {[%clk 0:35:39]} Qb8 {[%clk 0:41:32]} 24. Ne5
{[%clk 0:33:42]} Rc8 {[%clk 0:39:19]} 25. Nc6 {[%clk 0:32:44]} Qd6
{[%clk 0:39:23]} 26. b7 {[%clk 0:31:29]} 1-0

[Event "v4camp2016"]
[Site "?"]
[Date "2016.06.23"]
[Round "5.11"]
[White "Cabanova, Kristina"]
[Black "Bielik, Jakub"]
[Result "0-1"]
[BlackElo "1715"]
[WhiteElo "1591"]
[LiveChessVersion "1.4.8"]

1. Nf3 {[%clk 1:30:51]} e6 {[%clk 1:30:49]} 2. c4 {[%clk 1:31:10]} d5
{[%clk 1:30:57]} 3. d4 {[%clk 1:31:19]} c5 {[%clk 1:31:14]} 4. e3
{[%clk 1:31:09]} Nc6 {[%clk 1:31:34]} 5. Nc3 {[%clk 1:31:18]} Nf6
{[%clk 1:31:55]} 6. b3 {[%clk 1:30:54]} b6 {[%clk 1:32:12]} 7. Bb2
{[%clk 1:31:13]} Bb7 {[%clk 1:32:36]} 8. Be2 {[%clk 1:31:12]} Be7
{[%clk 1:32:59]} 9. O-O {[%clk 1:31:31]} O-O {[%clk 1:33:26]} 10. dxc5
{[%clk 1:30:25]} bxc5 {[%clk 1:31:59]} 11. Rc1 {[%clk 1:24:53]} d4
{[%clk 1:25:21]} 12. exd4 {[%clk 1:25:03]} cxd4 {[%clk 1:25:07]} 13. Nb5
{[%clk 1:25:07]} e5 {[%clk 1:24:59]} 14. Re1 {[%clk 1:19:58]} a6 {[%clk 1:20:52]}
15. Na3 {[%clk 1:15:52]} e4 {[%clk 1:20:34]} 16. Nd2 {[%clk 1:15:32]} Nb4
{[%clk 1:16:59]} 17. Ra1 {[%clk 1:13:06]} Bc5 {[%clk 1:07:05]} 18. Kh1
{[%clk 1:08:58]} d3 {[%clk 1:05:11]} 19. Bf1 {[%clk 1:07:15]} Re8
{[%clk 0:53:18]} 20. Bxf6 {[%clk 1:02:41]} Qxf6 {[%clk 0:53:25]} 0-1

[Event "v4camp2016"]
[Site "?"]
[Date "2016.06.23"]
[Round "5.12"]
[White "Hrebicik, David"]
[Black "Bobrova, Katarina"]
[Result "1-0"]
[BlackElo "1442"]
[WhiteElo "1721"]
[LiveChessVersion "1.4.8"]

1. d4 {[%clk 1:30:09]} d5 {[%clk 1:30:39]} 2. c4 {[%clk 1:30:36]} c6
{[%clk 1:30:45]} 3. Nc3 {[%clk 1:31:00]} Nf6 {[%clk 1:30:38]} 4. Bf4
{[%clk 1:31:18]} dxc4 {[%clk 1:29:32]} 5. e3 {[%clk 1:31:36]} b5 {[%clk 1:28:19]}
6. a4 {[%clk 1:31:59]} b4 {[%clk 1:24:59]} 7. Na2 {[%clk 1:31:58]} e6
{[%clk 1:16:25]} 8. Bxc4 {[%clk 1:30:33]} Ba6 {[%clk 1:15:50]} 9. Bxa6
{[%clk 1:30:12]} Nxa6 {[%clk 1:15:41]} 10. Nf3 {[%clk 1:28:24]} Be7
{[%clk 1:14:20]} 11. O-O {[%clk 1:28:32]} O-O {[%clk 1:14:25]} 12. Rc1
{[%clk 1:24:48]} Qd5 {[%clk 1:12:25]} 13. b3 {[%clk 1:23:21]} Rfd8
{[%clk 1:09:43]} 14. Qc2 {[%clk 1:16:44]} Rac8 {[%clk 1:08:59]} 15. Rfd1
{[%clk 1:16:15]} Ne4 {[%clk 1:02:23]} 16. Qc4 {[%clk 1:11:36]} Qxc4
{[%clk 0:58:11]} 17. Rxc4 {[%clk 1:11:26]} c5 {[%clk 0:57:00]} 18. Rdc1
{[%clk 1:11:04]} h6 {[%clk 0:50:52]} 19. h3 {[%clk 1:06:02]} Nd6 {[%clk 0:46:30]}
20. Bxd6 {[%clk 1:00:55]} Bxd6 {[%clk 0:46:21]} 21. R1c2 {[%clk 1:00:39]} Rc7
{[%clk 0:42:54]} 22. Nc1 {[%clk 0:58:35]} cxd4 {[%clk 0:40:02]} 23. Nxd4
{[%clk 0:56:04]} Rxc4 {[%clk 0:38:56]} 24. Rxc4 {[%clk 0:56:11]} Bb8
{[%clk 0:38:08]} 25. g3 {[%clk 0:55:20]} e5 {[%clk 0:34:41]} 26. Nc6
{[%clk 0:54:13]} Rd1+ {[%clk 0:30:13]} 27. Kg2 {[%clk 0:54:27]} Bd6
{[%clk 0:28:57]} 28. Na2 {[%clk 0:50:28]} Bc5 {[%clk 0:28:13]} 29. Naxb4
{[%clk 0:49:53]} Nxb4 {[%clk 0:26:58]} 30. Nxb4 {[%clk 0:49:43]} Bb6
{[%clk 0:25:59]} 31. Nc6 {[%clk 0:48:52]} f6 {[%clk 0:25:05]} 32. b4
{[%clk 0:48:50]} Rd2 {[%clk 0:23:59]} 33. Kf3 {[%clk 0:48:25]} Rd7
{[%clk 0:16:57]} 34. a5 {[%clk 0:46:06]} Bd8 {[%clk 0:16:49]} 35. Ke4
{[%clk 0:42:35]} Kf7 {[%clk 0:16:30]} 36. Nxd8+ {[%clk 0:42:46]} Rxd8
{[%clk 0:16:20]} 37. Rc7+ {[%clk 0:43:12]} Kf8 {[%clk 0:16:06]} 38. a6
{[%clk 0:42:19]} g6 {[%clk 0:14:11]} 39. Rxa7 {[%clk 0:42:20]} Ke8
{[%clk 0:13:05]} 40. b5 {[%clk 0:42:19]} Rb8 {[%clk 0:11:28]} 41. Rb7
{[%clk 0:42:39]} Rc8 {[%clk 0:11:05]} 42. a7 {[%clk 0:42:42]} 1-0